Pittura metafísica / (Record no. 39991)

MARC details
000 -LEADER
campo de control de longitud fija 00609nam a2200205 i 4500
001 - NÚMERO DE CONTROL
campo de control 39991
003 - IDENTIFICADOR DE NÚMERO DE CONTROL
campo de control ES-MaACL
005 - FECHA Y HORA DE LA ÚLTIMA TRANSACCIÓN
campo de control 20230906160122.0
007 - CAMPO FIJO DE DESCRIPCIÓN FÍSICA--INFORMACIÓN GENERAL
campo de control de longitud fija t|
008 - DATOS DE LONGITUD FIJA--INFORMACIÓN GENERAL
campo de control de longitud fija 030304s1945 it ||||1| ita d
100 1# - ENTRADA PRINCIPAL--NOMBRE DE PERSONA
Nombre de persona Carrá, Carlo.
9 (RLIN) 35474
245 10 - MENCIÓN DEL TÍTULO
Título Pittura metafísica /
Mención de responsabilidad, etc. Carlo Carrá.
250 ## - MENCION DE EDICION
Mención de edición 2ª ed.
260 ## - PUBLICACIÓN, DISTRIBUCIÓN, ETC.
Lugar de publicación, distribución, etc. Milano :
Nombre del editor, distribuidor, etc. Il Balcone,
Fecha de publicación, distribución, etc. [1945] (
Fabricante Dalle Nogare et Armetti)
300 ## - DESCRIPCIÓN FÍSICA
Extensión 264 p. ;
Dimensiones 24 cm.
490 1# - MENCIÓN DE SERIE
Mención de serie Testi e documenti d'Arte Moderna ;
Designación de volumen o secuencia 1
830 0# - PUNTO DE ACCESO ADICIONAL DE SERIE-TÍTULO UNIFORME
Título uniforme Testi e documenti d'Arte Moderna ;
Designación de volumen o secuencia 1
9 (RLIN) 181835
852 ## - LOCALIZACIÓN
Ubicación ES-MaACL
Número de control de estantería D-7218
Sublocalización o colección R.29476
Holdings
Estatus retirado Estado de pérdida Estado de daño No para préstamo Biblioteca de origen Biblioteca actual Ubicación en estantería Fecha de adquisición Fuente de adquisición Total de préstamos Signatura topográfica completa Código de barras Visto por última vez Precio de reemplazo Tipo de ítem Koha
        Biblioteca del Ateneo de Madrid Biblioteca del Ateneo de Madrid Sala Valle Inclán 17/01/2008     D-7218 901042108 23/02/2023 23/02/2023 Libro impreso